[Event "Dziedzica Memrial 11th"]
[Site "Trzcianka"]
[Date "2021.10.24"]
[Round "6"]
[White "Kacprzak, Kacper"]
[Black "Grzesiek, Karol"]
[Result "1-0"]
[WhiteElo "2219"]
[BlackElo "1813"]
[PlyCount "59"]
[EventDate "2021.10.24"]
[EventType "swiss (rapid)"]
[EventRounds "9"]
[EventCountry "POL"]
[SourceTitle "CBM 204 Extra"]
[Source "ChessBase"]
[SourceDate "2021.11.30"]
[SourceVersion "1"]
[SourceVersionDate "2021.11.30"]
[SourceQuality "1"]

1. e4 c5 2. Nf3 d6 3. d4 cxd4 4. Nxd4 Nf6 5. Nc3 a6 6. Be3 e5 7. Nb3 Be6 8. h3 Be7 9. f4 exf4 10. Bxf4 Nc6 11. Qe2 Ne5 12. 0-0-0 Qc7 13. Kb1 0-0 14. g4 b5 15. g5 Nfd7 16. Qg2 b4 17. Nd5 Bxd5 18. exd5 a5 19. Nd4 Rfc8 20. h4 a4 21. Rh3 Ng6 22. Bc1 Bf8 23. h5 Nge5 24. g6 fxg6 25. hxg6 Nxg6 26. Ne6 Qb7 27. Bd3 Nde5 28. Rdh1 Nxd3 29. Qxg6 hxg6 30. Ng5 1-0

[Event "POL Cup op rapid"]
[Site "Lodz"]
[Date "2021.08.07"]
[Round "8"]
[White "Kubicka, Anna"]
[Black "Grzesiek, Karol"]
[Result "1-0"]
[WhiteElo "2192"]
[BlackElo "1813"]
[PlyCount "129"]
[EventDate "2021.08.07"]
[EventType "swiss (rapid)"]
[EventRounds "9"]
[EventCountry "POL"]
[SourceTitle "CBM 203 Extra"]
[Source "ChessBase"]
[SourceDate "2021.09.30"]
[SourceVersion "1"]
[SourceVersionDate "2021.09.30"]
[SourceQuality "1"]

1. e4 e5 2. Nf3 d5 3. Nxe5 dxe4 4. d4 Nd7 5. Nc4 Ngf6 6. Be2 Be7 7. 0-0 0-0 8. Nc3 Nb6 9. Nxb6 axb6 10. Bg5 Ra5 11. Bh4 Re8 12. Re1 Bf5 13. Qd2 Bg6 14. Rad1 Qd7 15. a3 Bd6 16. Bg3 Bxg3 17. hxg3 Bh5 18. d5 Bxe2 19. Rxe2 Qg4 20. Qf4 Qxf4 21. gxf4 Kf8 22. g3 Rd8 23. Red2 Rc5 24. Rd4 h6 25. Kf1 g5 26. fxg5 hxg5 27. Ke2 Kg7 28. R1d2 Re8 29. Rd1 Rd8 30. Ke3 Re8 31. Kd2 Rd8 32. b4 Rxc3 33. Kxc3 Rh8 34. d6 cxd6 35. Rxd6 Rh2 36. Rf1 e3 37. f3 g4 38. Rd3 e2 39. Re1 gxf3 40. Rxf3 Ne4+ 41. Kd3 Nd6 42. Rxe2 Rh1 43. Rf4 Ra1 44. Kd2 Rxa3 45. Re3 Ra4 46. Rd3 Nb5 47. Rd7 Ra3 48. Rfxf7+ Kg6 49. Rxb7 Nd6 50. Rg7+ Kf6 51. Rbd7 Nc4+ 52. Ke2 Ra2 53. Rgf7+ Ke6 54. Rfe7+ Kf6 55. Re4 Rxc2+ 56. Kd1 Rc3 57. g4 Ne5 58. Rd6+ Ke7 59. Rd5 Kf6 60. Rdxe5 Rg3 61. Rb5 Rd3+ 62. Ke2 Rd6 63. Rf5+ Kg6 64. Rc4 b5 65. Rxb5 1-0